Catálogo

Catecismo de la Iglesia Católica / (Registro nro. 50900)

Detalles MARC
000 -LEADER
fixed length control field 00789cam a2200265 i 4500
001 - CONTROL NUMBER
control field 50900
003 - CONTROL NUMBER IDENTIFIER
control field Mx-PuUPA
005 - DATE AND TIME OF LATEST TRANSACTION
control field 20250117131402.0
008 - FIXED-LENGTH DATA ELEMENTS--GENERAL INFORMATION
fixed length control field 140415s1992 mx gr 000 0 spa d
020 ## - INTERNATIONAL STANDARD BOOK NUMBER
International Standard Book Number 9686056742
040 ## - CATALOGING SOURCE
Original cataloging agency Mx-PuUPA
Language of cataloging spa
Transcribing agency Mx-PuUPA
Modifying agency Mx-PuUPA
Description conventions rda
041 0# - LANGUAGE CODE
Language code of text/sound track or separate title spa
110 2# - MAIN ENTRY--CORPORATE NAME
Corporate name or jurisdiction name as entry element Catholic Church,
9 (RLIN) 13637
245 10 - TITLE STATEMENT
Title Catecismo de la Iglesia Católica /
Statement of responsibility, etc. Catholic Church
250 ## - EDITION STATEMENT
Edition statement Segunda edición
264 #1 - PRODUCTION, PUBLICATION, DISTRIBUTION, MANUFACTURE, AND COPYRIGHT NOTICE
Place of production, publication, distribution, manufacture México :
Name of producer, publisher, distributor, manufacturer Obra Nacional de la Buena Prensa,
Date of production, publication, distribution, manufacture, or copyright notice [1992]
300 ## - PHYSICAL DESCRIPTION
Extent 782 páginas ;
Dimensions 20 cm
336 ## - CONTENT TYPE
Fuente rdacontent
Content type term texto
Content type code txt
337 ## - MEDIA TYPE
Source rdamedia
Media type term sin medio
Media type code n
338 ## - CARRIER TYPE
Source rdacarrier
Carrier type term volumen
Carrier type code nc
650 #7 - SUBJECT ADDED ENTRY--TOPICAL TERM
Source of heading or term armarc
Topical term or geographic name entry element Catecismos
942 ## - ADDED ENTRY ELEMENTS (KOHA)
Source of classification or shelving scheme Dewey Decimal Classification
Koha item type Libro
Classification part 238
Item part C35
Existencias
Withdrawn status Lost status Source of classification or shelving scheme Damaged status Not for loan Collection code Home library Current library Shelving location Date acquired Source of acquisition Total Checkouts Full call number Barcode Date last seen Price effective from Koha item type Date last checked out
    Dewey Decimal Classification     General Biblioteca Karol Wojtyla Biblioteca Karol Wojtyla Sala general 03/12/2013 Compra 1 238 C35 1992 78291 05/01/2026 22/05/2015 Libro 16/05/2023
    Dewey Decimal Classification     General Biblioteca Karol Wojtyla Biblioteca Karol Wojtyla Sala general 03/12/2013 Compra 1 238 CAT 83440 05/01/2026 03/12/2013 Libro 20/01/2022
    Dewey Decimal Classification     General Biblioteca Karol Wojtyla Biblioteca Karol Wojtyla Sala general 03/12/2013 Compra   238 CAT 2007 75999 05/01/2026 22/05/2015 Libro 26/11/2014
    Dewey Decimal Classification     General Biblioteca Karol Wojtyla Biblioteca Karol Wojtyla Sala general 03/12/2013 Compra 1 238 CAT 2007 76000 05/01/2026 22/05/2015 Libro 09/03/2020
    Dewey Decimal Classification     General Biblioteca Karol Wojtyla Biblioteca Karol Wojtyla Sala general 03/12/2013 Compra 1 238 CAT 89128 05/01/2026 04/09/2014 Libro 21/11/2024
    Dewey Decimal Classification   En catalogación General Biblioteca Karol Wojtyla Biblioteca Karol Wojtyla Procesos técnicos 03/12/2013 Compra   XXX PT 75998 13/11/2025 22/05/2015 Libro  
    Dewey Decimal Classification     General Biblioteca Karol Wojtyla Biblioteca Karol Wojtyla Sala general 03/12/2013 Compra 2 238 CAT 89129 05/01/2026 04/09/2014 Libro 20/11/2019
    Dewey Decimal Classification     General Tehuacán Tehuacán Sala general 03/12/2013 Compra   230 IGL 507901 08/01/2025 03/12/2013 Libro